Músicas dos Nirvana - Morte Súbita - Statistics

Estatísticas Gerais
  • Esse quiz foi jogado 58 vezes
  • A pontuação média é 6 de 15
Answers on the Grid
Answers color-coded by a green-red scale on the quiz's grid according to % correct below.
Breed
Duality
Even Flow
Rooster
All Apologies
Polly
Black Hole Sun
Them Bones
Smells Like Teen Spirit
Stay There
Drain You
Lounge Act
Pretend We're Dead
Endless, Nameless
Stay Away
Celebrity Skin
Blew
Big Empty
Mexican Seafood
Blow
School
Very Ape
Nearly Lost You
Creep
Night Goat
Been A Son
Aneurysm
Stranger
Call Me
Come As You Are
 
Estatísticas das Respostas
Resposta % Correto
Come As You Are
82%
Smells Like Teen Spirit
82%
All Apologies
58%
Breed
47%
Polly
47%
Aneurysm
42%
Drain You
37%
Endless, Nameless
26%
School
26%
Blew
24%
Stay Away
24%
Very Ape
21%
Lounge Act
18%
Mexican Seafood
13%
Been A Son
11%
Nenhum quiz correspondente encontrado
Distribuição das Pontuações
Porcentagem de Pessoas com Cada Pontuação
Percentil de Números Respondidos
Sua Pontuação Histórica
Você não jogou esse quiz